Quick Pick: European Languages Quiz Stats

Quiz Updated Sep 28, 2016

Challenge
Share
Tweet
Embed
Score 0/12 Timer 01:30
3 Plays Today
% Correct
Spanish
77.2%
Russian
72.2%
Greek
69%
German
52.9%
Portuguese
44.1%
Icelandic
33.1%
Hungarian
27.4%
Turkish
22.4%
Romanian
20.4%
Serbian
19.9%
Macedonian
18.3%
Polish
16.7%

Today's Daily Dose

You're not logged in!

Compare scores with friends on all Sporcle quizzes.
Sign Up with Email
OR
Log In

You Might Also Like...

Show Comments

Extras

Top Quizzes Today


Score Distribution

Your Account Isn't Verified!

In order to create a playlist on Sporcle, you need to verify the email address you used during registration. Go to your Sporcle Settings to finish the process.